Viviendo a toda: jóvenes, territorios culturales y nuevas sensibilidades. II parte: Ciudad, adscripciones y culturas juveniles /

El texto se cuestiona sobre las formas de expresión de palabra juvenil, basado en los datos de una investigación aún en curso, observando cómo construyen los jóvenes de sector popular su identidad de acuerdo a cuatro formas: sanos, comunitarios, raperos y pandilleros esto basado en una encuesta e il...

Повний опис

Збережено в:
Бібліографічні деталі
Автор: Cubides C, Humberto J
Інші автори: Laverde Toscano, María Cristina, Valderrama H, Carlos Eduardo
Формат: Невідомо
Опубліковано: Santa Fé de Bogotá: Siglo del Hombre Editores. Universidad Central. Departamento de Investigaciones
Предмети:
Теги: Додати тег
Немає тегів, Будьте першим, хто поставить тег для цього запису!

MARC

LEADER 00000 a2200000 04500
001 12077
003
008 991231s d
040
090 |a 141808  
100 |a Cubides C, Humberto J  
245 |a Viviendo a toda: jóvenes, territorios culturales y nuevas sensibilidades. II parte: Ciudad, adscripciones y culturas juveniles /  |c Humberto J. Cubides C. 
260 |a Santa Fé de Bogotá:   |b Siglo del Hombre Editores. Universidad Central. Departamento de Investigaciones  
300 |a xiii, 326 p.  
520 |a El texto se cuestiona sobre las formas de expresión de palabra juvenil, basado en los datos de una investigación aún en curso, observando cómo construyen los jóvenes de sector popular su identidad de acuerdo a cuatro formas: sanos, comunitarios, raperos y pandilleros esto basado en una encuesta e ilustrado con testimonios e historias de vida. DOC/LCL  
650 |a JUVENTUD  
650 |a IDENTIDAD CULTURAL  
650 |a GRUPOS  
650 |a SUBCULTURA  
650 |a ENCUESTAS  
700 |a   
700 |a Laverde Toscano, María Cristina  
700 |a   
700 |a Valderrama H, Carlos Eduardo  
999 |c 8953  |d 8953